000 00410nam a22001337a 4500
005 20231114160828.0
022 _2Rainboww
245 _aIllustrated Classics Little Women/
_bLouisa May Alcott
260 _aDelhi
_bRainbow
270 _aF-32, Gali No.12, Jagat Puri, Parwana Road,
_bDelhi
_e110051
300 _a224p.
_c21cm(hb)
942 _2ddc
_cCH
_hS
_mALC
999 _c197798
_d197798